000 00556nam a2200193Ia 4500
003 GCL
008 140319s9999 xx 000 0 ara d
040 _aGCL /
_cGCL
082 0 4 _a812.009
_bن أ
100 1 _aنهاد صليحة
245 1 0 _aامسيات مسرحية /
_cنهاد صليحة
260 _a[S.N] :
_bالهيئة المصرية العامة للكتاب ،
_c1987
300 _a254 ص
490 _a
650 0 4 _aالمسرحيات
650 0 4 _aالتأليف المسرحى
650 0 4 _aتاريخ ونقد
942 _2ddc
_cBK
999 _c37219
_d37219